000 00586nam a2200169Ia 4500
005 20250508163312.0
008 008 250505s9999 xx 000 0 eng d
037 _aBooks to be hide in OPAC
040 _aFEDL
_beng
_cFEDL
041 _aeng
_2eng
084 _a374.95482, MAD/O
_qFEDL
245 0 _aTowards a functional learning society (A survey of and plan for non-formal education in Tamil Nadu)
260 _aMadars, India
_bThe Tamil Nadu Board of Continuing Education
_c1975
300 _a124p.
942 _cHB
_h374.95482, MAD/O
999 _c1382179
_d1382179